| 000 | 00457cam a2200145 4500500 | ||
|---|---|---|---|
| 005 | 20250921005050.0 | ||
| 041 | _afre | ||
| 042 | _adc | ||
| 100 | 1 | 0 |
_aFilippi, Florence _eauthor |
| 245 | 0 | 0 | _aPlus diva que divine |
| 260 | _c2025. | ||
| 500 | _a19 | ||
| 786 | 0 | _n20 & 21. Revue d'histoire | 166 | 2 | 2025-09-11 | p. 183-185 | 2649-664X | |
| 856 | 4 | 1 | _uhttps://shs.cairn.info/revue-20-21-revue-dhistoire-2025-2-page-183?lang=fr&redirect-ssocas=7080 |
| 999 |
_c1509125 _d1509125 |
||